Responses for Show #3794 - Thursday, February 15, 2001

2001 International Championship final game 1.
From the Las Vegas Hilton.

Contestants

[<< previous game]

Robin Carroll, an instructional designer from Marietta, Georgia (USA)

Fredrik Gildea, a language teacher and scholar from Gothenburg, Sweden

Carsten Wiedemann, a journalist from Hellerup, Denmark

[next game >>]

Jeopardy! Round responses

1982
INTERNATIONAL ACTORS
GEMS & JEWELRY
THE OLYMPICS
A WORLD OF CRITTERS
RIVERS
    $100 5
Space

Carsten!
    $100 12
Nicole Kidman

Robin
    $100 2
Hope Diamond

Robin
    $100 17
Japan

Robin
    $100 22
Starfish

Fredrik
    $100 1
Nile

Robin
    $200 6
Jacques Cousteau

Robin
    $200 13
Akira Kurosawa

Robin
    $200 3
Ankles

Robin
    $200 18
Diving

Carsten!
    $200 27
Llama

Fredrik
    $200 23
Himalayas

Fredrik
    $300 9
USA Today

Robin
    $300 14
Albert Finney

Robin
    $300 4
Bamboo

Fredrik
    $300 19
Katarina Witt

Robin
    $300 28
Armadillo

Robin
    $300 24
Danube

Carsten!
    $400 10
Henry VIII

Robin
    $400 15
Charlize Theron

Robin
    $400 7
Pearls

Robin
    $1,400 20
Lillehammer, Norway

Robin
    $400 29
(Fredrik: Looks like you, Alex!)
[Audience erupts into laughter]
(Alex: The man traveled 6,000 miles to insult me!)

Mandrill

Triple Stumper
    $400 25
Rhone

Carsten!
    $500 11
Laker Airways

Robin
    $500 16
(Robin: Who is Juliette Binoche?)

Julie Delpy

Robin
Triple Stumper
    $500 8
Opal

Robin
    $500 21
(Robin: Who is Paavo Nurri?)

Paavo Nurmi

FredrikRobin
    $500 30
Ferret

Triple Stumper
    $500 26
Arno

Fredrik

Scores at the first commercial break (after clue 16):

Carsten! Fredrik Robin
$100 $300 $3,200

Scores at the end of the Jeopardy! Round:

Carsten! Fredrik Robin
$1,000 $1,800 $4,800

Double Jeopardy! Round responses

THE ELEMENTS
VOICE OF AMERICA
EUROPEAN HISTORY
AUTHORS' NATIVE LANDS
HEY, "MAN"!
DON'T MISS IT!
    $200 24
Hydrogen

Robin
    $200 6
State Department

Fredrik
    $200 1
Blackshirts

Fredrik
    $200 8
Greece

Robin
    $200 13
Mandolin

Carsten!
    $200 18
Scotch

Robin
    $400 26
Curium

Carsten!
    $400 7
Yugoslavia

Robin
    $400 2
(Carsten!: Who was Alexander the Great?)

Philip of Macedon

Carsten!Robin
    $400 9
Ireland

Carsten!
    $400 14
Mango

Carsten!
    $400 19
Tivoli Gardens

Fredrik
    $600 27
Argon

Robin
    $600 23
Iran

Carsten!
    $600 3
Lech Walesa

Robin
    $600 10
Australia

Robin
    $600 15
Manama (Bahrain) or Manila (Philippines)

Triple Stumper
    $600 20
(Carsten!: What is Burma?)
(Robin: What is Indonesia?)

Thailand

Carsten!FredrikRobin
    $800 28
Californium

Robin
    $800 25
(Robin: What is French?)

German

Carsten!Robin
    $1,200 4
Hapsburgs

Robin
    $800 11
Lebanon

Fredrik
    $800 16
Manatee

Robin
    $800 21
Trinidad

Fredrik
    $600 29
(Robin: What is arsenic?)

Sulphur

Robin
    $1000 30
Afghanistan

Robin
    $1000 5
Zagreb

Fredrik
    $1000 12
Argentina

Robin
    $1000 17
Manitoba

Robin
    $1000 22
Barcelona

Robin

Scores at the end of the Double Jeopardy! Round:

Carsten! Fredrik Robin
$2,800 $5,800 $12,800

Final Jeopardy! Round responses

THE UNITED NATIONS
Carsten!What is wheat?
$2,500
FredrikWhat is the earth globe
$5,800
RobinWhat is the North Pole?
$1,200
North Pole

Final scores:

Carsten! Fredrik Robin
$300 $0 $14,000

Game dynamics:

Coryat scores:

Carsten! Fredrik Robin
$2,800 $5,800 $12,000
10 R,
2 W
13 R,
0 W
32 R
(including 2 DDs),
5 W
(including 1 DD)

Combined Coryat: $20,600

[game clues] [game scores] [suggest correction]

Game tape date: 2001-01-24
The J! Archive is created by fans, for fans. Scraping, republication, monetization, and malicious use prohibited; this site may use cookies and collect identifying information. See terms. The Jeopardy! game show and all elements thereof, including but not limited to copyright and trademark thereto, are the property of Jeopardy Productions, Inc. and are protected under law. This website is not affiliated with, sponsored by, or operated by Jeopardy Productions, Inc. Join the discussion at JBoard.tv.